Tratado elemental de sociología cristiana
Saved in:
| Main Author: | |
|---|---|
| Format: | Book |
| Language: | Spanish |
| Published: |
Barcelona
Accion Social Popular
1916
|
| Edition: | 3a. ed |
| Subjects: | |
| Tags: |
Add Tag
No Tags, Be the first to tag this record!
|
MARC
| LEADER | 00000cam a2200000 a 4500 | ||
|---|---|---|---|
| 001 | UCD0094 | ||
| 003 | CL-VaPUC | ||
| 008 | 151112e19160000sp |||||||||||||||||spa|d | ||
| 082 | 0 | 4 | |a 262.91 |b LLO |2 21 |
| 100 | |a Llovera, José M. |e autor |9 583100 | ||
| 245 | 1 | 0 | |a Tratado elemental de sociología cristiana |
| 250 | |a 3a. ed | ||
| 300 | |a 364 p | ||
| 942 | |c BK | ||
| 945 | |d 20151112 20:22:00 |a gsalatino | ||
| 260 | |a Barcelona |b Accion Social Popular |c 1916 | ||
| 650 | 0 | |a Sociología |9 255410 | |
| 650 | 0 | |a Acción social |9 307836 | |
| 650 | 0 | |a Sociología cristiana |9 257898 | |
| 583 | |a last modification |c 20151112 20:22:00 |k Rodrigo Vera | ||
| 999 | |c 361716 |d 361714 | ||
| 952 | |0 0 |1 0 |3 erd |4 0 |6 262_910000000000000_LLO_1916 |7 0 |8 P |9 472358 |a BIBTEO |b BIBTES |c TEO_FTES |i 5270170 |o 262.91 LLO 1916 |p 5270170 |r 2024-01-18 |w 2019-11-24 |y BK |z Catalogado en:20151112 |k ICR | ||